000 00487nam a2200169Ia 4500
003 IN-BaIIA
008 211028s9999 xx 000 0 eng d
040 _cIIA Library
080 _a533.5
_bDUN
100 _aDunoyer, L.
_92391
245 0 _aVacuum practice
_cL. Dunoyer
260 _aLondon
_bG.Bell and Sons
_c1926
300 _ax, 228p.
490 _aInternational textbooks of exact science
650 _aVacuum
_92392
942 _cBK
999 _c1136
_d1136